Statistics for Taiwan Recognition

Click here to take the quiz!

General Stats

  • This quiz has been taken 85 times
    (45 since last reset)
  • The average score is 8 of 14

Answer Stats

SinceAnswer% Correct
1999Palau
80%
1990Nicaragua
68%
1933Guatemala
66%
1989Belize
61%
1998Marshall Islands
61%
2005Nauru
61%
1941Honduras
59%
1976Tuvalu
59%
1968Eswatini
54%
1981Saint Vincent and the Grenadines
54%
1956Haiti
51%
1957Paraguay
51%
2007Saint Lucia
51%
1983Saint Kitts and Nevis
49%

Score Distribution

Percentile by Number Answered

Percent of People with Each Score

Your Score History

You have not taken this quiz since the last reset